| 000 | 01297nam a2200253Ia 4500 | ||
|---|---|---|---|
| 003 | OSt | ||
| 005 | 20210105113741.0 | ||
| 008 | 191128t1980 mx ad gr 001 0dspa d | ||
| 020 | _a9681812476 | ||
| 040 |
_aCO-JMCR _cCO-JMCR |
||
| 041 | 0 | _aspa | |
| 082 | 0 | 4 |
_a658.57 / _bP918m _223 |
| 100 | 1 |
_aPrawda Witenberg, Juan, _eautor _912660 |
|
| 245 | 1 | 0 |
_aMétodos y modelos de investigación de operaciones : _bmodelos estocásticos / _cJuan Prawda Witenberg |
| 250 | _aPrimera edición | ||
| 260 |
_aMéxico : _bLimusa, _c©1980 |
||
| 300 |
_a[6] hojas plegadas sin numerar, 1026 páginas : _bgráficos a blanco y negro ; _c23 cm. |
||
| 500 | _aIncluye índices onomástico y alfabético y datos biográficos del autor. | ||
| 505 | 0 | _aAnálisis de decisiones -- Sistemas de inventarios y planeación de la producción -- Teoría de líneas de espera -- Simulación -- Procesos markovianos de decisión -- Programación y redes estocásticas -- Programación con metas múltiples -- Problemas de localización -- Problemas de secuenciación y balance de líneas de producción -- Reemplazo, mantenimiento y confiabilidad -- Teoría de juegos | |
| 650 | 1 | 4 |
_aInvestigación operacional _91721 |
| 650 | 1 | 4 |
_aAnálisis de sistemas _91155 |
| 650 | 2 | 4 |
_aModelos matemáticos _91740 |
| 942 |
_2ddc _cBK |
||
| 999 |
_c4880 _d4880 |
||